| 000 | 00430nam a2200145 a 4500 | ||
|---|---|---|---|
| 001 | 000031156 | ||
| 005 | 20200930062735.0 | ||
| 008 | 110614s2002 dr ac 000 | spa d | ||
| 040 |
_aDO-SdBNP _bspa _cBNPHU |
||
| 082 |
_axxx _bP737a |
||
| 245 | 0 | 0 |
_aPlutarco Andújar : _bsensualidad y esplendor. Antología. |
| 260 |
_aSanto Domingo : _bMuseo de Arte Moderno, _c2002. |
||
| 300 |
_a[38] p. : _bil., retrs. ; _c24 cm. |
||
| 049 | _aBNPD | ||
| 999 |
_c30648 _d30648 |
||